| 000 | 00344cam a22001097a 4500 | ||
|---|---|---|---|
| 008 | 180718b1961 xxu||||| |||| 00| 0 eng d | ||
| 082 | _aR16x54 In2/64 | ||
| 245 |
_aWomen in employment _cby Labour Bureau, Ministry of Labour |
||
| 260 |
_aNew Delhi _bGovernment of India _c1961 |
||
| 300 | _a146p | ||
| 700 | _aIndia. Labour Bureau, Ministry of Labour | ||
| 999 |
_c495859 _d495859 |
||